| 000 | 00720nam a2200277 a 4500 | ||
|---|---|---|---|
| 003 | AR-BaBNM | ||
| 005 | 20251128202906.0 | ||
| 008 | 082120s2002 ||||||||||||||000 | spa|| | ||
| 040 | _cAR-BaBNM | ||
| 100 | 1 | _aLillo, Baldomero | |
| 245 | 0 | 0 |
_aLa compuerta no. 12 _by otros cuentos |
| 260 |
_aBuenos Aires _bEudeba _c1964 |
||
| 300 | _a143 p. | ||
| 490 | 0 | _aSerie del nuevo mundo | |
| 650 | 4 | _aLITERATURA ARGENTINA | |
| 650 | 4 | _aCUENTOS | |
| 650 | 4 | _aESCRITORES | |
| 650 | 4 | _aANTOLOGIAS | |
| 650 | 4 | _aCOSTUMBRES Y TRADICIONES | |
| 650 | 4 | _aLITERATURA CONTEMPORANEA | |
| 653 | _aNARRATIVA | ||
| 655 | _aLITERATURA | ||
| 700 | 1 |
_aGonzález Vera, José Santos _ecompilador |
|
| 942 | _cBK | ||
| 998 | _cMARTIN | ||
| 999 |
_c1075 _d1075 |
||